Online
Catalog

Apuntamientos biográficos del señor presbítero doctor don José Trinidad Reyes / (Record no. 35814)

MARC details
000 -CABECERA
campo de control de longitud fija 00663nam a2200169 a 4500
001 - NÚMERO DE CONTROL
campo de control 000036323
005 - FECHA Y HORA DE LA ÚLTIMA TRANSACCIÓN
campo de control 20200930075652.0
008 - DATOS DE LONGITUD FIJA--INFORMACIÓN GENERAL
campo de control de longitud fija 120113s1968 ho a 000 0 spa d
040 ## - FUENTE DE LA CATALOGACIÓN
Centro catalogador/agencia de origen DO-SdBNP
Lengua de catalogación spa
Centro/agencia transcriptor BNPHU
100 1# - ENTRADA PRINCIPAL--NOMBRE DE PERSONA
Nombre de persona Jirón, Yanuario
9 (RLIN) 62479
245 10 - MENCIÓN DE TÍTULO
Título Apuntamientos biográficos del señor presbítero doctor don José Trinidad Reyes /
Mención de responsabilidad, etc. Yanuario Jirón ; compilación y notas Juan Valladares Rodríguez.
260 ## - PUBLICACIÓN, DISTRIBUCIÓN, ETC.
Lugar de publicación, distribución, etc. Honduras :
Nombre del editor, distribuidor, etc. Universidad Nacional Autónoma de Honduras,
Fecha de publicación, distribución, etc. 1968.
300 ## - DESCRIPCIÓN FÍSICA
Extensión 121 p. :
Otras características físicas il. ;
Dimensiones 21 cm.
600 14 - PUNTO DE ACCESO ADICIONAL DE MATERIA--NOMBRE DE PERSONA
Nombre de persona REYES, JOSÉ TRINIDAD
9 (RLIN) 62480
600 14 - PUNTO DE ACCESO ADICIONAL DE MATERIA--NOMBRE DE PERSONA
Nombre de persona REYES, PABLO
9 (RLIN) 37953
700 1# - PUNTO DE ACCESO ADICIONAL--NOMBRE DE PERSONA
Nombre de persona Valladares Rodríguez, Juan,
Término indicativo de función/relación comp.
9 (RLIN) 62481
Holdings
Estado de retiro Estado de pérdida Restricciones de uso No para préstamo Código de colección Localización permanente Ubicación/localización actual Ubicación en estantería Fecha de adquisición Número de inventario Total de préstamos Signatura topográfica completa Código de barras Fecha visto por última vez Precio válido a partir de Tipo de ítem Koha
      Excluido de préstamo Monografías: Libros y Folletos General General En catalogación 13.01.2012 LF1   36324-10 25.06.2020 25.06.2020 No se presta

Powered by Koha